Movie by DVD Chapter Titles III Quiz Stats

 Plays Quiz Updated Jan 17, 2017

Challenge
Share
Tweet
Embed
Score 0/30 Timer 08:00
2 Plays Today
Chapter Titles Movie % Correct
6. Lieutenant Dan 7. My Best Good Friend 8. Wounded in the ButtocksForrest Gump
80.6%
33. 'It's a trap!' 34. Ewok Attack 35. Fully OperationalStar Wars: Episode VI: Return of the Jedi
73.9%
17. News Travels 18. Off Ramp 19. Dory Speaks WhaleFinding Nemo
71.2%
2. A Saturday in Detention 3. Who Do You Think You Are? 4. Monkey BusinessThe Breakfast Club
70.7%
10. By the Book 11. Nadia on the Net 12. Stifler's RevengeAmerican Pie
70.1%
10. Gophers and Clubs 11. 4th of July Dance 12. Ladies Man, CarlCaddyshack
64.3%
7. The Italian Stallion 8. 'She's very excited' 9. Ice SkatingRocky
58.8%
9. The Wrong Shark 10. The Dead of Night 11. July 4thJaws
58.6%
13. The Red Stapler 14. The Motivational Review 15. FlairOffice Space
57.6%
42. Peaches Take the Lead 43. The Bottom of the Ninth 44. Kit at the BatA League of Their Own
55.3%
9. The Need for Speed 10. Take Me to Bed 11. FlameoutTop Gun
47.7%
10. Jeanie Encounters Rooney 11. Cameron Goes Berserk 12. Kill the CarFerris Bueller's Day Off
45.1%
8. Unorthodox Ideas 9. Neil's Dream 10. 'O Captain, My Captain'Dead Poets Society
44.1%
15. An Empty Freeway 16. Passenger Transfer 17. Watch Your StepSpeed
40.3%
16. Terence Mann 17. Fenway Park 18. 'Go the Distance'Field of Dreams
35.9%
Chapter Titles Movie % Correct
13. No Sex for 20 Dates 14. Jay's Tears 15. OutercourseThe 40-Year-Old Virgin
35%
17. Bomb's the Word 18. No More Lies 19. A Little Circle of TrustMeet the Parents
33.9%
5. The Limo 6. Nakatomi Police 7. Takagi and EllisDie Hard
30.6%
11. Frederick Zoller 12. Lunch with Goebbels 13. Apple Strudel & Crème FraîcheInglourious Basterds
25.5%
6. Stretch, Fatso and Stinkie 7. The Morph the Merrier 8. Breakfast with the BoysCasper
22.1%
3. It's Like Waking 4. Remember Sammy Jankis 5. You Don't Remember MeMemento
20%
10. Where's the Baby? 11. A Shortcut 12. Cave DrawingsIce Age
19.6%
15. Viva Las Vegas 16. Motorcycle Chase 17. 'How Do I Live'Con Air
17.7%
14. Golden Calf Massacre 15. A Muse 16. Golgothan DemonDogma
14.7%
2. Sweet New Client 3. Killed in Action 4. Where Spade StandsThe Maltese Falcon
14.7%
29. 'I'm leaving you, Jake' 30. Not a 14-Year-Old 31. $10,000 from the BeltRaging Bull
12.4%
18. Stuck behind the Wheel 19. Going the Wrong Way 20. Hot SeatPlanes, Trains and Automobiles
9.2%
10. Messing with the Missus 11. Chevy's Chase 12. The Story Is UtahFletch
6.8%
10. Carlotta's Blood 11. To the Golden Gate 12. Into the BayVertigo
5.3%
17. Vivian's Assassins 18. Tying up Loose Ends 19. 'Where's Dylan?'Charlie's Angels
4.1%

You're not logged in!

Compare scores with friends on all Sporcle quizzes.
Join for Free
OR
Log In

You Might Also Like...

Show Comments

Extras

Top Quizzes Today


Score Distribution

Your Account Isn't Verified!

In order to create a playlist on Sporcle, you need to verify the email address you used during registration. Go to your Sporcle Settings to finish the process.

Report this User

Report this user for behavior that violates our Community Guidelines.

Details: